Bulletin ot the Slovak Republic (Record no. 6631)

MARC details
000 -LEADER
fixed length control field 00408nas a22001817i 4500
001 - CONTROL NUMBER
control field 7827
003 - CONTROL NUMBER IDENTIFIER
control field OSt
005 - DATE AND TIME OF LATEST TRANSACTION
control field 20181116142558.0
007 - PHYSICAL DESCRIPTION FIXED FIELD--GENERAL INFORMATION
fixed length control field tu
008 - FIXED-LENGTH DATA ELEMENTS--GENERAL INFORMATION
fixed length control field 161220s xxu||||| |||| 00| 0 d
024 7# - OTHER STANDARD IDENTIFIER
Standard number or code 7827
Source of number or code RID
040 ## - CATALOGING SOURCE
Transcribing agency OSt
110 2# - MAIN ENTRY--CORPORATE NAME
Corporate name or jurisdiction name as entry element Statistical Office of Slovak Republic
245 00 - TITLE STATEMENT
Title Bulletin ot the Slovak Republic
260 ## - PUBLICATION, DISTRIBUTION, ETC.
Place of publication, distribution, etc. Slovak Republic.
651 ## - SUBJECT ADDED ENTRY--GEOGRAPHIC NAME
Geographic name Slovakia
942 ## - ADDED ENTRY ELEMENTS (KOHA)
Koha item type Statistics
Holdings
Withdrawn status Lost status Damaged status Not for loan Home library Current library Shelving location Date acquired Inventory number Total Checkouts Barcode Date last seen Price effective from Koha item type
        WIIW WIIW Library 08/14/2008 7827   10003760 01/26/2017 01/26/2017 Statistics
The Vienna Instiute for International Economic Studies (wiiw)